000 00400cam a2200169 4500
001 D12799
008 090401t1953 xxu||||| |||| 00| 0 eng d
035 _a(Sirsi) u5860
041 _aeng
100 _aGarner, J.F.
245 _aBuilding byelaws: law and practice
260 _aLondon
_bShaw and Sons
_c1953
350 _a0
520 _aShelf 116. 2 copies
942 _n0
948 _c04/03/1997
999 _c86222
_d86222